000
00293nam a2200133Ia 4500
100
_a
Zienkiewicz/ Morgan
942
_c
BK
654
_a
finite
245
_a
Finite elements and approzimation
260
_b
Wiley
_a
New York
_c
1982
082
_a
515.3
_b
ZIE
300
_a
328
546
_a
ENGLISH
999
_c
25928
_d
25928